[Event "BL 2017-18"]
[Site "Germany"]
[Date "2018.04.29"]
[Round "13"]
[White "Margolin, Boris"]
[Black "Kovacs, Gabor"]
[Result "1/2-1/2"]
[WhiteElo "2389"]
[BlackElo "2457"]
[Annotator "TA"]
[PlyCount "98"]
[EventDate "2018.05.24"]
[EventType "team-tourn"]
[EventCountry "GER"]
[SourceTitle "playchess.com"]
[Source "ChessBase"]
[SourceQuality "1"]
[WhiteTeam "SV Hofheim"]
[BlackTeam "Speyer"]

{[%evp 19,98,33,28,35,35,33,35,29,34,35,38,44,61,0,0,0,2,10,29,26,26,29,42,25,31,30,45,15,33,23,34,0,41,36,38,17,19,26,46,27,33,25,26,16,46,5,22,22,35,26,28,22,54,38,38,41,40,38,39,28,89,27,37,37,37,37,37,37,50,37,43,0,49,0,42,33,20,14,25,0,0]} 1. e4 e5 2. Nf3 Nf6 3. Nxe5 d6 4. Nf3 Nxe4 5. Nc3 Nf6 6. d4 Be7 7. Bd3 O-O 8. h3 {C42: Petroff Defence: 3 Nxe5 and unusual White 3rd moves} (8. O-O Nc6 9. a3 Bg4 10. h3 Bh5 11. g4 Bg6 12. Bxg6 hxg6 13. d5 Ne5 14. Nd4 Re8 15. f4 Nc4 {1-0 (55) Fedorchuk,S (2648)-Ni,H (2671) Riadh 2017}) 8... Re8 9. O-O Nbd7 10. Re1 Nf8 {LiveBook: 10 Games} 11. Bf4 Ng6 12. Bh2 c6 13. Qd2 Bd7 $146 ({Predecessor:} 13... d5 14. Re2 Bd6 15. Bxd6 Qxd6 16. Rxe8+ Nxe8 {½-½ (28) Alymbay,K (1903)-Hj,A (2073) Al Ain 2015}) 14. Rad1 Bf8 15. Rxe8 Bxe8 16. d5 (16. Re1 $14) 16... cxd5 $11 17. Bxg6 hxg6 18. Nxd5 Bc6 19. Nxf6+ Qxf6 20. Nd4 {[%cal Bf3d4,Bd4c2,Bc2b4,Bb4d5,Bd5b6][%mdl 32]} Rc8 21. Bf4 (21. Qa5 {is interesting.} a6 22. Bg3 Bd7 23. Qd5 Qd8 24. Rd3) 21... Bd7 22. c3 Re8 23. Nc2 Be6 24. Re1 Bd7 25. Rd1 Be6 26. Be3 a6 27. Nb4 Qf5 28. Nd5 Bd7 29. Qd3 Bc6 30. Qxf5 gxf5 31. b3 Re5 32. Nb6 Re4 33. Rd3 f4 34. Bd2 g5 35. f3 Re6 36. Kf1 Be7 37. c4 Kf8 38. Bb4 Ke8 39. a4 f5 {[#]} (39... Rg6 $11 {keeps the balance.}) 40. Bd2 (40. Nc8 $1 $16) 40... Bd8 41. Nd5 Rh6 42. a5 Kf7 43. Bb4 Bd7 44. Be1 Bc6 45. Bb4 Bd7 46. Be1 Bc6 47. h4 g4 48. Nxf4 gxf3 49. gxf3 Bxh4 {Precision: White = 42%, Black = 57%.} 1/2-1/2

[Event "BL 2017-18"]
[Site "Germany"]
[Date "2018.04.29"]
[Round "13"]
[White "Zpevak, Pavel"]
[Black "Andersen, Mads"]
[Result "0-1"]
[WhiteElo "2343"]
[BlackElo "2606"]
[Annotator "TA"]
[PlyCount "72"]
[EventDate "2018.05.24"]
[EventType "team-tourn"]
[EventCountry "GER"]
[SourceTitle "playchess.com"]
[Source "ChessBase"]
[SourceQuality "1"]
[WhiteTeam "Schwaebisch Hall"]
[BlackTeam "Solingen"]

{[%evp 24,72,0,3,118,110,97,64,47,54,54,50,42,37,52,33,43,0,23,0,0,0,0,0,0,-8,-8,-8,-8,-8,-8,-8,-8,-10,-21,-18,-10,0,0,-21,0,0,97,-95,-86,-193,-200,-413,-413,-403,-403]} 1. d4 Nf6 2. c4 g6 3. Nc3 Bg7 4. e4 d6 5. h3 O-O 6. Bg5 c5 7. d5 e6 8. Nf3 exd5 9. cxd5 Re8 10. Bd3 {[%cal Bf1d3,Bd3c2,Bc2b1][%mdl 32]} c4 11. Bc2 b5 {A65: Modern Benoni: 6 e4} 12. a3 Na6 13. O-O {[#] LiveBook: 22 Games} b4 $146 (13... Nc5 $11) ({Predecessor:} 13... Nc5 14. Re1 Qb6 15. Be3 Bb7 16. Bd4 Nfd7 17. Bxg7 Kxg7 18. Qd4+ f6 19. Qe3 {½-½ (30) Kazhgaleyev,M (2640)-Grischuk,A (2719) Almaty 2008}) 14. axb4 $16 Nxb4 15. Bb1 a5 16. Re1 Ba6 17. Qa4 Qb8 18. Ra3 Nd3 19. Bxd3 $1 cxd3 20. Bc1 Qb7 21. Qc6 Qxc6 22. dxc6 Rac8 23. Rxa5 Rxc6 24. Bd2 Bb7 25. Ra7 Rb8 26. e5 dxe5 27. Nxe5 {aiming for Rxb7.} Ra6 $36 {[%mdl 2048] Black has good play.} 28. Rxa6 Bxa6 29. Na4 Rc8 30. Nc3 Rb8 31. Na4 Nd5 32. Nc5 Rxb2 {[#]} (32... Bb5 $11 {keeps the balance.}) 33. Bc1 $2 (33. Nc4 $1 $16 {is necessary to keep the advantage. White threatens Re8+ and mate.} Rxd2 34. Re8+ (34. Nxd2 Bb5 $11) 34... Bf8 35. Nxd2) 33... Bxe5 $17 34. Bxb2 (34. Rxe5 $17 Rb1 35. Re8+ Kg7 36. Re1) 34... Bxb2 $19 35. Nxa6 $2 (35. Re8+ {only move.} Kg7 36. Rd8) 35... d2 36. Rd1 {[#]} Bc1 $1 {Precision: White = 52%, Black = 57%.} 0-1

[Event "BL 2017-18"]
[Site "Germany"]
[Date "2018.04.29"]
[Round "13.1"]
[White "Mons, Leon"]
[Black "Grandelius, Nils"]
[Result "1/2-1/2"]
[WhiteElo "2529"]
[BlackElo "2652"]
[Annotator "TA"]
[PlyCount "41"]
[EventDate "2018.05.24"]
[EventType "team-tourn"]
[EventCountry "GER"]
[SourceTitle "playchess.com"]
[Source "ChessBase"]
[SourceQuality "1"]
[WhiteTeam "Zugzwang Muenchen"]
[BlackTeam "Hamburg SK"]

{[%evp 9,41,20,31,13,31,33,27,32,33,27,33,15,19,17,32,30,80,100,81,47,43,43,49,31,34,39,29,18,33,0,18,0,24,0]} 1. b3 d5 2. Bb2 Bg4 3. f3 Bh5 4. e3 (4. Nh3 e6 5. c4 Nf6 6. cxd5 exd5 7. e3 Bd6 8. Be2 Bg6 9. Na3 c6 10. O-O O-O 11. f4 Bf5 {0-1 (54) Vachier Lagrave,M (2762)-Sargissian,G (2686) Dubai 2014}) 4... Nd7 5. c4 e6 6. Nh3 $146 {A01: Nimzowitsch-Larsen Opening} ({Predecessor:} 6. cxd5 exd5 7. Be2 Bg6 8. f4 Ngf6 9. Nf3 h6 10. O-O {½-½ (10) Lauren,M (2285)-Osterman,G (2305) Finland 1990}) 6... f6 7. Nc3 c6 8. d4 Bd6 9. Bd3 Ne7 10. Qe2 e5 11. cxd5 cxd5 12. dxe5 fxe5 13. O-O h6 14. Rfd1 {Threatens to win with Nxd5!} Bf7 15. Be4 {[%cal Rc3d5]} Nf6 16. Qb5+ Qd7 17. Qxd7+ Kxd7 18. Nb5 Bb8 19. Nc3 Bd6 ({Don't play} 19... Nxe4 $6 20. fxe4 Bd6 21. Nf2 $16) 20. Nb5 Bb8 21. Nc3 {Precision: White = 52%, Black = 83%.} 1/2-1/2

[Event "BL 2017-18"]
[Site "Germany"]
[Date "2018.04.29"]
[Round "13.1"]
[White "Abel, Dennes"]
[Black "Hausrath, Daniel"]
[Result "1-0"]
[WhiteElo "2473"]
[BlackElo "2499"]
[Annotator "TA"]
[PlyCount "99"]
[EventDate "2018.05.24"]
[EventType "team-tourn"]
[EventCountry "GER"]
[SourceTitle "playchess.com"]
[Source "ChessBase"]
[SourceQuality "1"]
[WhiteTeam "SFR Berlin"]
[BlackTeam "Muelheim"]

{[%evp 15,99,0,-1,-42,0,0,0,-33,-22,-30,-25,-27,-27,-27,-29,-66,-11,-20,-17,-39,-41,-39,-37,-33,-37,-41,-41,-41,-4,0,17,8,10,-20,9,0,16,16,16,17,58,61,104,104,144,152,145,145,168,163,172,159,247,254,381,380,380,389,708,715,712,712,712,709,713,712,714,712,713,713,699,712,656,648,1291,1256,2019,1806,2048,1733,5410,5410,5406,864,862,856]} 1. b3 e5 2. Bb2 Nc6 3. e3 Nf6 4. Bb5 Bd6 5. Ne2 O-O 6. Ng3 {A01: Nimzowitsch-Larsen Opening} (6. Na3 e4 7. Nc4 Be7 8. Bxc6 bxc6 9. O-O a5 10. d3 d5 11. Nd2 a4 12. dxe4 Nxe4 13. Nxe4 dxe4 {½-½ (45) Jobava,B (2687)-Yu,Y (2744) Tbilisi 2017}) 6... Re8 7. O-O a6 8. Bxc6 dxc6 {LiveBook: 4 Games} 9. e4 Bg4 10. f3 $146 ({Predecessor:} 10. Qc1 h5 11. f3 Bc5+ 12. Kh1 h4 13. Ne2 {1-0 (27) Abel,D (2427)-Weinzettl,E (2301) Austria 2012}) 10... Bd7 11. Nc3 h5 12. Nce2 h4 13. Nh1 $1 Nh5 14. Nf2 Qg5 15. d3 Rad8 (15... Bc5 $15 16. d4 exd4 17. Bxd4 Rad8) 16. Bc1 $11 Qg6 17. Kh1 {[#]} Ng3+ $1 {[%mdl 512]} 18. Nxg3 (18. hxg3 hxg3) 18... hxg3 19. hxg3 Qxg3 20. Qe1 $1 Qh4+ 21. Kg1 {[%cal Bh1g1,Bg1f2,Bf2e2][%mdl 32]} Bc5 22. Be3 Bxe3 23. Qxe3 Re6 24. Nd1 Rh6 $132 {[%mdl 2048] ...Bg4 is the strong threat. Black is not keeping still} 25. Qe1 Qh2+ 26. Kf2 Qh4+ 27. Ke2 Qg5 28. Ne3 g6 29. Qa5 b6 30. Qxa6 f5 31. Qc4+ Kg7 {[#]} 32. exf5 $1 gxf5 {Threatening ...f4.} 33. f4 Qh5+ (33... exf4 $16 34. Qxf4 (34. Rxf4 b5 $16) 34... Kg6) 34. Kd2 $18 e4 (34... Re8 {was necessary.} 35. fxe5 Qg5) 35. Qd4+ Kf7 36. Rh1 Qxh1 $2 (36... Qg6 37. Qe5 Re8 38. Qxc7 Re7 39. dxe4 Qd6+ 40. Qxd6 Rxd6+ 41. Kc3 Rxe4) 37. Rxh1 {White is clearly winning.} Rxh1 {[#]} 38. Nxf5 $1 {[%mdl 512] Threatening mate with Qg7+.} Rh7 (38... Bxf5 39. Qxd8) 39. Qxe4 {And now Qe7+ would win.} Kf8 40. Qe5 {aiming for Qf6+.} Bxf5 41. Qxf5+ {[%mdl 4096] Endgame KQ-KRR} Rf7 42. Qg5 Rd6 43. g4 Rg7 44. Qh4 c5 45. f5 Kg8 46. g5 Rh7 47. Qe4 Rh2+ 48. Kc1 {Intending Qe8+ and mate.} Kf7 49. g6+ (49. Qb7 $142 Rhh6 50. Qxc7+ Kf8 51. gxh6 Rxh6 52. a4) 49... Kf6 {[#]} 50. g7 $1 {Precision: White = 73%, Black = 45%.} 1-0

[Event "BL 2017-18"]
[Site "Germany"]
[Date "2018.04.29"]
[Round "13.1"]
[White "Maiwald, Jens-Uwe"]
[Black "Babula, Vlastimil"]
[Result "1/2-1/2"]
[WhiteElo "2441"]
[BlackElo "2554"]
[Annotator "TA"]
[PlyCount "61"]
[EventDate "2018.05.24"]
[EventType "team-tourn"]
[EventCountry "GER"]
[SourceTitle "playchess.com"]
[Source "ChessBase"]
[SourceQuality "1"]
[WhiteTeam "Dresden"]
[BlackTeam "Werder Bremen"]

{[%evp 9,61,-5,4,2,18,14,23,22,14,-14,-14,-20,-20,-14,-9,-25,0,0,42,-37,-16,-29,-33,-33,0,0,0,0,-3,-18,-10,-30,-25,-25,-17,-19,174,-93,-66,-164,-172,-175,-77,-100,0,0,-7,0,0,0,0,-17,0,0]} 1. g3 c5 2. Bg2 g6 3. e4 Bg7 4. d3 Nc6 5. f4 d5 (5... d6 6. Nf3 e5 7. O-O Nge7 8. c3 O-O 9. Na3 h6 10. f5 gxf5 11. Nh4 f4 12. gxf4 Ng6 13. Nf5 Bxf5 14. exf5 Nxf4 15. Bxf4 exf4 16. Rxf4 Qf6 17. Nc4 Rae8 {1-0 (39) Morozevich,A (2665)-Rozum,I (2586) Sochi 2017}) 6. exd5 {B20: Sicilian: Unusual White 2nd moves} Nb4 7. Nc3 Nf6 8. Nf3 {White has an edge.} Nfxd5 $146 ({Predecessor:} 8... Nbxd5 9. Ne4 Nxe4 10. dxe4 Nb4 11. a3 Qxd1+ 12. Kxd1 Nc6 13. c3 {0-1 (44) Ionescu,D (2377)-Manolache,M (2462) Bucharest 2005}) 9. Ne4 Nc6 10. c3 b6 11. O-O O-O 12. Re1 Ba6 13. Qa4 Qc8 14. Nf2 (14. Nfg5 $14) 14... Bb7 $15 15. Ne5 Rd8 16. Bd2 Nxe5 17. fxe5 Nc7 18. Bxb7 Qxb7 19. Qh4 Ne6 20. Re4 Rd5 21. Rae1 $1 Qc7 22. Bh6 $1 Bxe5 $2 {[#]} (22... Rad8 $11 {and Black has nothing to worry.}) 23. Ng4 $2 (23. Qh3 $1 $18) 23... Bd6 $17 {White must now prevent ...Rh5.} 24. Rxe6 (24. Qh3 $15) 24... fxe6 $19 25. Ne3 {[#] With the idea Qe4.} Re5 (25... Rh5 $1 $19 {[%cal Rh5h4]} 26. Qe4 Rb8) 26. Rf1 Qc6 (26... Rh5 $17 27. Qe4 Rb8) 27. Qf4 $11 {The position is equal.} Qe8 $1 28. Qg4 Qc6 29. Qf4 $1 {[%cal Rf4f7] White threatens Qf7+ and mate.} Qe8 $1 30. Qg4 Qc6 31. Qf4 $1 {Precision: White = 46%, Black = 43%.} 1/2-1/2

[Event "BL 2017-18"]
[Site "Germany"]
[Date "2018.04.29"]
[Round "13.2"]
[White "Svane, Rasmus"]
[Black "Kindermann, Stefan"]
[Result "1-0"]
[WhiteElo "2587"]
[BlackElo "2495"]
[Annotator "TA"]
[PlyCount "51"]
[EventDate "2018.05.24"]
[EventType "team-tourn"]
[EventCountry "GER"]
[SourceTitle "playchess.com"]
[Source "ChessBase"]
[SourceQuality "1"]
[WhiteTeam "Hamburg SK"]
[BlackTeam "Zugzwang Muenchen"]

{[%evp 14,51,0,10,55,44,56,0,84,83,84,78,81,90,95,45,83,72,81,80,81,81,72,83,105,100,157,165,29987,29988,29988,29989,29992,29993,29993,29994,29994,29995,29995,29996]} 1. Nf3 f5 {[%cal Bf7f5,Bf5e4][%mdl 32]} 2. d3 Nc6 3. e4 e5 4. d4 fxe4 5. Nxe5 Qf6 6. f4 {C40: Latvian and Elephant Gambits} d6 7. Nxc6 bxc6 8. d5 {LiveBook: 10 Games. The position is equal.} Bd7 $146 ({Predecessor:} 8... Qg6 9. dxc6 Be7 10. g3 Bf6 11. Be2 Qf5 {½-½ (60) Wen,Y (2605)-Sandipan,C (2566) Sanya City 2017}) 9. Nc3 Qg6 10. Qd4 (10. dxc6 $14 Bxc6 11. Nb5) 10... Nf6 {[#]} (10... Ne7 $11) 11. dxc6 $1 $16 Bxc6 12. Be3 d5 13. Bb5 Bxb5 14. Qe5+ Kd7 15. Nxb5 Bb4+ 16. c3 Bd6 17. Nxd6 cxd6 {[#]} 18. Qd4 $1 Qxg2 19. Rg1 $36 {[%mdl 2048] White is in control.} Qxb2 (19... Qf3 $142) 20. Rxg7+ Kc8 $2 (20... Ke6 $18 21. Rd1 Qxh2) 21. Qxf6 {White mates.} Qxa1+ 22. Kf2 Qxa2+ 23. Kg3 Qa6 24. Qe6+ Kb8 {[#]} 25. Bc5 $1 {[%mdl 512]} Rd8 (25... dxc5 26. Qxa6) 26. Qe7 {Precision: White = 83%, Black = 43%.} 1-0

[Event "BL 2017-18"]
[Site "Germany"]
[Date "2018.04.29"]
[Round "13.2"]
[White "Werle, Jan"]
[Black "Tischbierek, Raj"]
[Result "1/2-1/2"]
[WhiteElo "2532"]
[BlackElo "2434"]
[Annotator "TA"]
[PlyCount "119"]
[EventDate "2018.05.24"]
[EventType "team-tourn"]
[EventCountry "GER"]
[SourceTitle "playchess.com"]
[Source "ChessBase"]
[SourceQuality "1"]
[WhiteTeam "Werder Bremen"]
[BlackTeam "Dresden"]

{[%evp 19,119,25,29,31,38,25,34,18,30,23,27,14,12,20,29,17,15,15,27,29,23,18,22,39,39,29,29,35,43,39,44,35,48,53,65,65,83,80,80,81,73,81,75,58,64,44,63,50,51,33,44,13,15,10,10,0,6,6,12,0,6,6,26,0,0,0,0,0,0,0,0,0,0,0,0,0,0,0,0,0,0,0,0,0,0,0,0,0,0,0,0,0,0,0,0,0,0,0,0,0,0,0]} 1. d4 d6 2. Nf3 Bg4 3. Nbd2 Nd7 4. h3 Bh5 5. e4 e5 6. c3 {A41: 1 d4 d6: Tartakower System and Modern Defence} (6. Be2 Ngf6 7. c3 Bg6 8. Bd3 c6 9. O-O Be7 10. Nh4 Qc7 11. Nxg6 hxg6 12. a4 O-O 13. Re1 {1-0 (55) Maghsoodloo,P (2569)-Yakubboev,N (2437) Ashkhabad 2017}) 6... c6 7. Bd3 Be7 8. O-O Ngf6 9. Re1 O-O 10. Nf1 Re8 {LiveBook: 4 Games} 11. Ng3 Bg6 12. Bc2 Bf8 13. Nh4 $146 d5 14. Nxg6 hxg6 15. Bg5 exd4 16. Qxd4 Bc5 17. Qd2 Qc7 {[#] aiming for ...Qxg3.} 18. Bf4 Bd6 19. Bxd6 Qxd6 20. Rad1 Qc7 21. exd5 Nxd5 22. Ne4 N7f6 23. Ng5 Rxe1+ 24. Rxe1 Re8 25. Rxe8+ Nxe8 26. Bb3 Nef6 27. g3 a6 28. h4 Qe7 29. Qd4 Kf8 30. Qa7 Ne8 31. Bxd5 (31. a4 {looks sharper.} Nef6 32. Kg2 Qc7 33. Qa8+ Ne8 34. a5) 31... cxd5 32. Qb6 Nf6 33. Kf1 Qd7 34. Ke2 Kg8 35. b3 Ne4 36. Nxe4 dxe4 $11 {[%mdl 4096] Endgame KQ-KQ} 37. Qd4 Qg4+ 38. Kd2 Kh7 39. Qe3 Qd7+ 40. Kc2 f5 41. c4 Qd6 {The position is equal.} 42. c5 Qe5 43. Qc3 Qd5 44. a4 a5 45. Kb2 Qd1 46. Qe3 Kh8 47. Kc3 Qa1+ 48. Kc4 {Threatening Kb5.} Qf1+ 49. Kd5 Qd3+ 50. Ke6 Kh7 51. Ke5 Qd1 52. h5 Qa1+ 53. Kd6 Qf6+ 54. Kc7 $1 Qc6+ 55. Kb8 {[#] Strongly threatening Qg5.} gxh5 56. Qg5 Qxc5 57. Qxh5+ Kg8 58. Kxb7 Qxf2 {Threatens to win with ...Qf3.} 59. Qe8+ Kh7 {And now ...Qf3 would win.} 60. Qh5+ {Precision: White = 66%, Black = 78%.} 1/2-1/2

[Event "BL 2017-18"]
[Site "Germany"]
[Date "2018.04.29"]
[Round "13.2"]
[White "Dinstuhl, Volkmar"]
[Black "Schmidek, Emil"]
[Result "1/2-1/2"]
[WhiteElo "2384"]
[BlackElo "2389"]
[Annotator "TA"]
[PlyCount "53"]
[EventDate "2018.05.24"]
[EventType "team-tourn"]
[EventCountry "GER"]
[SourceTitle "playchess.com"]
[Source "ChessBase"]
[SourceQuality "1"]
[WhiteTeam "Muelheim"]
[BlackTeam "SFR Berlin"]

{[%evp 21,53,0,0,0,0,-28,0,-1,22,13,18,20,20,13,25,18,27,0,0,0,9,16,10,11,8,4,6,0,0,0,10,14,26,0]} 1. c4 Nf6 2. Nc3 d5 3. cxd5 Nxd5 4. g3 g6 5. Bg2 Nxc3 6. bxc3 Bg7 7. Nf3 O-O 8. O-O c5 9. Rb1 Nc6 10. Qa4 Qa5 {A34: Symmetrical English: 2 Nc3, lines with ...d5} (10... Qc7 11. d4 cxd4 12. cxd4 Bf5 13. Bf4 Qa5 14. Qxa5 Nxa5 15. Rbc1 Rac8 16. Ne5 {½-½ (16) Miroshnichenko,E (2651)-Areshchenko,A (2694) Kiev 2011}) 11. Qxa5 Nxa5 {LiveBook: 3 Games} 12. d4 b6 $146 {The position is equal.} ({Predecessor:} 12... cxd4 13. cxd4 Bf5 14. Rb5 b6 15. Ba3 Rac8 16. Ne5 Rc7 17. Bd5 Bc8 18. Rbb1 Bb7 19. Bxb7 Nxb7 20. Rfc1 Rfc8 21. Nf3 f5 {½-½ (21) Carvalho,G (2232)-Riverol,J (2258) Montevideo 2006}) 13. Ng5 Bb7 14. dxc5 h6 15. Nf3 Be4 16. Rb4 Bd5 17. Ne1 Bxg2 18. Kxg2 Bxc3 19. Rb5 Rfc8 20. Nd3 Kg7 21. Bf4 g5 22. Rc1 {next Bxg5 is good for White.} Bd4 23. Bd2 Nb7 {[%cal Rb7c5]} 24. cxb6 Bxb6 25. Rbb1 Nd6 26. Bb4 Kf6 27. Bc5 {Precision: White = 57%, Black = 67%.} 1/2-1/2

[Event "BL 2017-18"]
[Site "Germany"]
[Date "2018.04.29"]
[Round "13.3"]
[White "Hertneck, Gerald"]
[Black "Huschenbeth, Niclas"]
[Result "1/2-1/2"]
[WhiteElo "2493"]
[BlackElo "2560"]
[Annotator "TA"]
[PlyCount "162"]
[EventDate "2018.05.24"]
[EventType "team-tourn"]
[EventCountry "GER"]
[SourceTitle "playchess.com"]
[Source "ChessBase"]
[SourceQuality "1"]
[WhiteTeam "Zugzwang Muenchen"]
[BlackTeam "Hamburg SK"]

{[%evp 15,162,49,33,19,11,21,29,0,0,0,0,0,12,12,26,12,12,8,20,5,8,0,0,0,13,13,17,0,0,0,20,0,0,0,0,-11,-5,-21,0,0,0,0,0,0,0,0,0,0,0,0,0,-16,-16,-16,-18,-18,-16,-16,-16,-17,-12,-15,-15,-17,-15,-18,-20,-44,-44,-44,-44,-44,-51,-51,-51,-51,-51,-51,-51,-51,-51,-51,-51,-51,-51,-58,-58,-58,-58,-58,0,0,0,-58,0,0,0,0,0,0,0,0,0,0,0,0,0,0,0,0,0,0,0,0,0,0,0,0,0,0,0,0,0,0,0,0,0,0,0,0,0,0,0,0,0,0,0,0,0,0,0,0,0,0,0,0,0,0,0]} 1. d4 d5 2. Nf3 Nf6 3. c4 dxc4 4. e3 Bg4 5. Bxc4 e6 6. h3 Bh5 7. Nc3 Nc6 {D25: Queen's Gambit Accepted: 4 e3: sidelines and 4...Bg4} 8. Bb5 Bb4 {LiveBook: 4 Games} (8... Bd6 9. e4 Bb4 10. Qa4 O-O 11. Bxc6 Bxc3+ 12. bxc3 bxc6 13. Nd2 c5 14. Ba3 Re8 15. O-O {1-0 (81) Dreev,A (2652)-Huschenbeth,N (2596) Bastia 2017}) 9. a3 Bxc3+ 10. bxc3 O-O 11. Be2 $146 ({Predecessor:} 11. O-O Ne4 12. Bb2 Bxf3 13. Qxf3 Nd2 14. Qg3 Nxf1 15. Rxf1 {½-½ (73) Khanukov,B (2357)-Feller,J (2135) Davos 2006}) 11... Na5 12. O-O c5 13. a4 cxd4 14. cxd4 Ne4 15. Ba3 Nc3 16. Qe1 Nxe2+ 17. Qxe2 Re8 18. Rfb1 Rc8 19. Rb5 Bxf3 20. Qxf3 b6 21. d5 Nc4 22. dxe6 fxe6 (22... Rxe6 {keeps more tension.} 23. Bb4 Qe8 24. Rd5 a5 25. Be1 h6) 23. Rd1 Qf6 24. Qxf6 gxf6 25. Bb2 Kf7 26. Rd4 Red8 27. Rf4 Rd1+ 28. Kh2 f5 29. Rb4 Nd2 30. g4 Rc2 31. Kg2 Rb1 32. Ba3 Ra1 33. Rb2 Rxb2 34. Bxb2 $11 {[%mdl 4096] Endgame KRB-KRN} Ra2 35. Bh8 $1 Kg6 36. gxf5+ exf5 37. Rd4 $1 Ne4 38. Rd7 $1 Rxf2+ 39. Kg1 a5 40. Rg7+ Kh6 41. Rb7 Ra2 42. Be5 $1 Ng5 43. Bf4 Kh5 ({Weaker is} 43... Rxa4 44. h4 $16) 44. Bxg5 $1 Kxg5 45. Rxb6 Rxa4 $15 {And now ...Ra1+ would win. KR-KR} 46. Kf2 Re4 47. Rb5 a4 48. Ra5 Kf6 49. Kf3 h5 50. Ra6+ Ke5 51. Ra5+ Ke6 $1 52. Ra6+ Kd5 ({Black should try} 52... Kf7 $15) 53. Ra5+ $11 Ke6 (53... Kc6 $11) 54. Ra6+ $15 Ke5 (54... Kf7 $15) 55. Ra5+ $11 {The position is equal.} Kd6 56. Rxf5 Re5 57. Rf6+ $1 Kc5 {Threatens to win with ...Kb4.} 58. Kf4 Rd5 {[#] ...a3 is the strong threat.} 59. e4 Rd6 60. Rf5+ Kb4 {Hoping for ...a3.} 61. e5 Ra6 62. Rf6 Ra8 63. Kg5 a3 64. Rf1 a2 65. Ra1 Kb3 66. Kxh5 Rg8 67. Kh6 Kb2 68. Re1 a1=Q (68... Re8 {looks sharper.} 69. Re2+ Kb1 70. Re1+ Kc2 71. Re2+ Kb3) 69. Rxa1 Kxa1 {KR-KPP} 70. Kh7 Rg3 (70... Re8 {is more complex.} 71. h4 Re6 72. h5 Ka2 73. h6 Ka3) 71. h4 {[%cal Bh3h4,Bh4h5][%mdl 32]} Kb2 72. e6 Kc3 73. e7 Re3 74. Kg6 Rxe7 {KR-KP} 75. h5 Kd4 76. h6 Re6+ 77. Kg7 Ke5 78. h7 Re7+ 79. Kg6 {[#]} Rxh7 $1 {[%mdl 512]} 80. Kxh7 Kf4 81. Kg6 Z0 {Precision: White = 80%, Black = 70%.} 1/2-1/2

[Event "BL 2017-18"]
[Site "Germany"]
[Date "2018.04.29"]
[Round "13.3"]
[White "Fedorovsky, Michael"]
[Black "Krause, Benedict"]
[Result "0-1"]
[WhiteElo "2469"]
[BlackElo "2458"]
[Annotator "TA"]
[PlyCount "106"]
[EventDate "2018.05.24"]
[EventType "team-tourn"]
[EventCountry "GER"]
[SourceTitle "playchess.com"]
[Source "ChessBase"]
[SourceQuality "1"]
[WhiteTeam "Bayern Muenchen"]
[BlackTeam "Norderstedt"]

{[%evp 21,106,2,0,-18,20,10,10,-12,-10,-70,-62,-58,-36,-30,-6,-149,-140,-189,-202,-220,-226,-224,-237,-227,-221,-240,-231,-372,-368,-367,-372,-368,-357,-364,-364,-352,-281,-393,-275,-283,-283,-283,-283,-283,-283,-343,-291,-291,-291,-283,-282,-289,-299,-339,-328,-352,-336,-415,-415,-541,-531,-507,-507,-636,-470,-500,-470,-634,-577,-764,-750,-1081,-569,-1114,-1014,-1068,-1056,-29964,-12838,-12841,-9826,-6348,-6411,-1789,-5604,-6295,-5789]} 1. d4 Nf6 2. c4 g6 3. Nc3 d5 4. cxd5 Nxd5 5. Bd2 Bg7 6. e4 Nxc3 7. Bxc3 O-O 8. Qd2 c5 {D85: Exchange Grünfeld: Unusual White 7th moves and lines with 7 Nf3} 9. d5 e6 (9... Bxc3 10. bxc3 Qd6 11. f4 Nd7 12. e5 Qc7 13. Nf3 c4 14. Rd1 Nb6 15. d6 exd6 16. exd6 {½-½ (30) Onischuk,A (2681)-Shankland,S (2668) Saint Louis 2018}) 10. Bxg7 Kxg7 11. Bc4 Nd7 {LiveBook: 5 Games} 12. d6 Ne5 $146 ({Predecessor:} 12... b6 13. Nf3 Bb7 14. Qe3 Qf6 15. O-O-O {½-½ (15) Shmeliov,D (2420)-Kaliksteyn,A (2425) Charlotte 2018}) 13. Be2 Nc6 14. Qc3+ Qf6 15. Qxc5 (15. Qxf6+ $11 Kxf6 16. f4) 15... Qxb2 $15 16. Rd1 Bd7 17. Nf3 Rac8 18. Rd2 (18. Qe3 $11 {remains equal.}) 18... Qb1+ $17 19. Bd1 Qxe4+ 20. Be2 Nb4 21. Qe5+ Qxe5 22. Nxe5 Rc1+ 23. Bd1 Bb5 24. Rb2 (24. a3 {was necessary.} Nd5 25. Rb2) 24... a5 $19 25. a3 {[#]} Rc5 $1 {[%cal Rc5e5]} 26. axb4 Rxe5+ 27. Kd2 Rd5+ 28. Kc1 Rc8+ ({Don't do} 28... Rxd6 29. bxa5 Rc8+ 30. Bc2 $19) 29. Kb1 Rxd6 30. bxa5 Bd3+ 31. Bc2 Rxc2 32. Rxc2 {[%mdl 4096] Endgame KRR-KRB} Rd5 33. Kc1 Bxc2 34. Kxc2 Rxa5 {KR-KR} 35. Kd3 Ra2 36. Ke3 Rb2 37. Rc1 b5 {[%cal Bb7b5,Bb5b4,Bb4b3][%mdl 32]} 38. Rc7 b4 39. Rb7 b3 40. g4 g5 41. h3 Rb1 42. Kf3 h6 43. Rb5 Kf6 44. Kg2 Ke7 45. Rb7+ Kd6 46. Rxf7 Kc5 47. Rb7 Kc4 48. Rb6 Re1 49. Rc6+ Kd3 50. Rb6 {Black is clearly winning.} Kc2 51. Rc6+ Kb1 52. f4 gxf4 (52... b2 $142 53. f5 exf5 54. gxf5 Ka2 55. Rxh6 b1=Q 56. Ra6+ Kb3 57. Rb6+ Kc2 58. Rxb1 Rxb1) 53. Kf2 Re3 {Precision: White = 19%, Black = 85%.} 0-1